000 00633nam a22001817a 4500
003 UA-OsUOA
001 13563
007 ta
008 20030609b un ||||| |||| 00| 0 ukr d
100 _aСівак М.
942 _cSA
040 _aUA-OsUOA
_cUA-OsUOA
_dUA-OsUOA
245 _aРобити професійно свою справу: [Розмова з рівнен. скульптором М.Сіваком]
_cМ. Сівак; /Розмовляв В.Бойчук
300 _aС.7
955 _a0
773 0 _w0
_tВільне слово
_dРівне
_d2003
_g№39/21 трав./
650 7 _aКраєзнавча робота
_2UDC
999 _c299724
_d299724